000 00595nam a2200193Ia 4500
999 _c3511
_d3511
003 GBCCL
005 20241126110456.0
008 171128b xxu||||| |||| 00| 0 eng d
020 _a978-81-7362-902-0
040 _cgbc
082 _a262.1
_bWAL.2
100 _aWalker, Simon
_97056
245 _aLeading with Nothing to Lose:
_bTraining in the Exercise of power /
_cSimon Walker
260 _bAuthentic Books,
_aHyderabad:
_c2009
300 _a165p.;
_bill.,
_c20 cm.
440 _aThe Undefended Leader trilogy
_v2
_97054
650 _aChristian leadership
_91568
942 _eIST INDIAN ED
_2ddc
_cBK